000 00946nam a2200265Ia 4500
003 OSt
005 20260417173227.0
006 a|||||r|||| 00| 0
007 ta
008 220926b |||||||| |||| 00| 0 eng d
024 _a25347
037 _cTheses
040 _aCRL
_cCRL
_beng
041 _2eng
_aeng
100 _aDeepti Kamal
_9549853
110 _aUniversity OF Delhi. Faculty OF Medical Sciences. Department OF Obstetrics and Gynaecology
245 0 _aStudy of serum levels of lactate dehydrogenase in patients of preeclampsia and its relation with maternal and fetal outcome
260 _c2014
650 _aWOMEN - DISEASES
700 _a Dr. Reena Yadav Gu.
_9541469
700 _a Dr. Ritu Singh Gu.
_9540864
700 _aUniversity OF Delhi. Faculty OF Medical Sciences. Department OF Obstetrics and Gynaecology
942 _cTH
_2CC
999 _c884392
_d884392